[Event "SLO-chT"]
[Site "Slovenia"]
[Date "1994.??.??"]
[Round "?"]
[White "Petek, Francka"]
[Black "Praznik, Ana"]
[Result "1/2-1/2"]
[WhiteElo "2025"]
[BlackElo "2150"]
[PlyCount "51"]
[EventDate "1994.??.??"]
[EventType "team"]
[EventRounds "7"]
[EventCountry "SLO"]
[SourceTitle "EXT 1998"]
[Source "ChessBase"]
[SourceDate "1997.11.17"]
[SourceVersion "1"]
[SourceVersionDate "1997.11.17"]
[SourceQuality "1"]

1. d4 Nf6 2. c4 e6 3. Nc3 d5 4. e3 Nbd7 5. Nf3 Be7 6. Be2 dxc4 7. Bxc4 0-0 8. 0-0 c5 9. Qe2 a6 10. a4 Qc7 11. Rd1 cxd4 12. Rxd4 Rd8 13. Bd2 Ne5 14. Rxd8+ Bxd8 15. Nxe5 Qxe5 16. Rd1 Bc7 17. f4 Qc5 18. Kh1 Bd7 19. e4 Bc6 20. e5 Ng4 21. Rf1 Rd8 22. Bc1 Nh6 23. Be3 Qb4 24. Bd3 Bb6 25. Bxb6 Qxb6 26. Ne4 1/2-1/2